Post tsunami strains on the family structure (Record no. 4830)
[ view plain ]
| 000 -LEADER | |
|---|---|
| fixed length control field | 00491nam a2200145 4500 |
| 008 - FIXED-LENGTH DATA ELEMENTS--GENERAL INFORMATION | |
| fixed length control field | 240228b |||||||| |||| 00| 0 eng d |
| 082 ## - DEWEY DECIMAL CLASSIFICATION NUMBER | |
| Classification number | 303.485 |
| Item number | WIC |
| 942 ## - ADDED ENTRY ELEMENTS (KOHA) | |
| Item Type | Reports |
| 100 ## - MAIN ENTRY--PERSONAL NAME | |
| Personal Name | Wicramatillake, H.D. |
| 245 ## - TITLE STATEMENT | |
| Title | Post tsunami strains on the family structure |
| 260 ## - PUBLICATION, DISTRIBUTION, ETC. (IMPRINT) | |
| Place of Publication | Narahenpita: |
| Name of Publisher | Ministry of child development and women's empowerment-National committee on women |
| 300 ## - PHYSICAL DESCRIPTION | |
| Extent | 15 p. |
| Physical Details | Bibliography inclued |
| 500 ## - GENERAL NOTE | |
| General Note | A research paper. |
| 650 ## - SUBJECT ADDED ENTRY--TOPICAL TERM | |
| Topical Term | Post tsunami recovery- Sri Lanka |
| Withdrawn status | Lost status | Source of classification or shelving scheme | Damaged status | Not for loan | Permanent location | Current location | Date acquired | Total Checkouts | Full call number | Barcode | Date last seen | Price effective from | Koha item type |
|---|---|---|---|---|---|---|---|---|---|---|---|---|---|
| Dewey Decimal Classification | Resource center, Muslim Women's Research And Action Forum | Resource center, Muslim Women's Research And Action Forum | 2024-02-28 | 303.485 WIC | RAF5127 | 2024-02-28 | 2024-02-28 | Reports |

